Recovery from cults: help for victims of psychological and spiritual abuse
| Contributors: | |
|---|---|
| Format: | Print Book |
| Language: | English |
| Subito Delivery Service: | Order now. |
| Check availability: | HBZ Gateway |
| WorldCat: | WorldCat |
| Interlibrary Loan: | Interlibrary Loan for the Fachinformationsdienste (Specialized Information Services in Germany) |
| Published: |
New York [u.a.]
Norton
1993
|
| In: | Year: 1993 |
| Volumes / Articles: | Show volumes/articles. |
| Edition: | 1. ed. |
| Standardized Subjects / Keyword chains: | B
New religion
/ Sacrifice (Social psychology)
/ Rehabilitation
B New religion / Getting out of / Psychological counseling |
| Further subjects: | B
Psychological abuse victims
Religious life
B Collection of essays B Sects Sociology B Cults Psychology B Psychological abuse Religious aspects |
MARC
| LEADER | 00000cam a22000002c 4500 | ||
|---|---|---|---|
| 001 | 1621633306 | ||
| 003 | DE-627 | ||
| 005 | 20251225202316.0 | ||
| 007 | tu | ||
| 008 | 940520s1993 xxu||||| 00| ||eng c | ||
| 010 | |a 93-1923 | ||
| 016 | 7 | |a b9410334 |2 UK | |
| 020 | |a 0393701646 |9 0-393-70164-6 | ||
| 035 | |a (DE-627)1621633306 | ||
| 035 | |a (DE-576)039129667 | ||
| 035 | |a (DE-599)BSZ039129667 | ||
| 035 | |a (OCoLC)231619390 | ||
| 035 | |a (OCoLC)28111414 | ||
| 040 | |a DE-627 |b ger |c DE-627 |e rakwb | ||
| 041 | |a eng | ||
| 044 | |c XD-US | ||
| 050 | 0 | |a BP603 | |
| 082 | 0 | |a 306.6 | |
| 082 | 0 | |a 616.89/1 | |
| 084 | |a 0 |2 ssgn | ||
| 245 | 0 | 0 | |a Recovery from cults |b help for victims of psychological and spiritual abuse |c ed. by Michael D. Langone |
| 250 | |a 1. ed. | ||
| 264 | 1 | |a New York [u.a.] |b Norton |c 1993 | |
| 300 | |a XIX, 410 S. | ||
| 336 | |a Text |b txt |2 rdacontent | ||
| 337 | |a ohne Hilfsmittel zu benutzen |b n |2 rdamedia | ||
| 338 | |a Band |b nc |2 rdacarrier | ||
| 500 | |a Includes bibliographical references and index | ||
| 583 | 1 | |a Archivierung prüfen |c 20200919 |f DE-640 |z 2 |2 pdager | |
| 583 | 1 | |a Archivierung/Langzeitarchivierung gewährleistet |c 20211213 |f SLG |x XA-DE-BW |z IGPP |2 pdager |5 DE-25 | |
| 583 | 1 | |a Archivierung/Langzeitarchivierung gewährleistet |f SSG |x XA-DE-BW |2 pdager |5 DE-21 | |
| 601 | |a Psychologie | ||
| 601 | |a Spiritual | ||
| 650 | 0 | |a Cults |x Psychology | |
| 650 | 0 | |a Sects |x Sociology | |
| 650 | 0 | |a Cults |x Psychology | |
| 650 | 0 | |a Psychological abuse |x Religious aspects | |
| 650 | 0 | |a Psychological abuse victims |x Religious life | |
| 655 | 7 | |a Aufsatzsammlung |0 (DE-588)4143413-4 |0 (DE-627)105605727 |0 (DE-576)209726091 |2 gnd-content | |
| 689 | 0 | 0 | |d s |0 (DE-588)4279419-5 |0 (DE-627)104374969 |0 (DE-576)210744189 |2 gnd |a Neue Religion |
| 689 | 0 | 1 | |d s |0 (DE-588)4512618-5 |0 (DE-627)248393162 |0 (DE-576)213164345 |2 gnd |a Opfer |g Sozialpsychologie |
| 689 | 0 | 2 | |d s |0 (DE-588)4049078-6 |0 (DE-627)106188526 |0 (DE-576)209080388 |2 gnd |a Rehabilitation |
| 689 | 0 | |5 (DE-627) | |
| 689 | 1 | 0 | |d s |0 (DE-588)4279419-5 |0 (DE-627)104374969 |0 (DE-576)210744189 |2 gnd |a Neue Religion |
| 689 | 1 | 1 | |d s |0 (DE-588)4226736-5 |0 (DE-627)104969342 |0 (DE-576)210316551 |2 gnd |a Ausstieg |
| 689 | 1 | 2 | |d s |0 (DE-588)4047708-3 |0 (DE-627)104131489 |0 (DE-576)209074442 |2 gnd |a Psychologische Beratung |
| 689 | 1 | |5 (DE-627) | |
| 700 | 1 | |8 1\p |e Hrsg. |0 (DE-588)172826683 |0 (DE-627)697756599 |0 (DE-576)133682706 |4 edt |a Langone, Michael D. |d 1946- | |
| 883 | |8 1\p |a cgwrk |d 20250301 |q DE-101 |u https://d-nb.info/provenance/plan#cgwrk | ||
| 889 | |w (DE-627)125873611 | ||
| 935 | |a mteo | ||
| 935 | |i mdedup | ||
| 951 | |a BO | ||
| ACO | |a 1 | ||
| ELC | |b 1 | ||
| ITA | |a 1 |t 1 | ||
| LOK | |0 000 xxxxxcx a22 zn 4500 | ||
| LOK | |0 001 3241427471 | ||
| LOK | |0 003 DE-627 | ||
| LOK | |0 004 1621633306 | ||
| LOK | |0 005 19940818000000 | ||
| LOK | |0 008 940818||||||||||||||||ger||||||| | ||
| LOK | |0 040 |a DE-21 |c DE-627 |d DE-21 | ||
| LOK | |0 852 |a DE-21 | ||
| LOK | |0 852 1 |c 34 A 11190 |9 00 | ||
| LOK | |0 935 |a theo | ||
| LOK | |0 936ln |a t14 | ||
| LOK | |0 939 |a 18-08-94 |b l01 | ||
| ORI | |a SA-MARC-ixtheoa001.raw | ||
| REL | |a 1 | ||
| SPR | |a 1 |t IXT |t REL | ||
| STA | 0 | 0 | |a Getting out of,Exiting,New religion,New religion,New religious movement,Psychological counseling,Psychological counselling,Rehabilitation |
| STB | 0 | 0 | |a Conseil psychologique,Soutien psychologique,Soutien psychologique,Nouvelles religions,Nouvelles religions,Réadaptation,Réhabilitation,Réinsertion,Réhabilitation,Réinsertion,Sortie,Abandon,Abandon |
| STC | 0 | 0 | |a Asesoramiento psicológico,Rehabilitación,Religión nueva,Religión nueva,Salída,Abandono,Abandono |
| STD | 0 | 0 | |a Abbandono,Uscita,Uscita,Consulenza psicologica,Nuove religioni,Nuove religioni,Riabilitazione |
| STE | 0 | 0 | |a 下,复原,恢复,新宗教 |
| STF | 0 | 0 | |a 下,復原,恢復,新宗教,諮商心理學 |
| STG | 0 | 0 | |a Aconselhamento psicológico,Reabilitação,Religião nova,Religião nova,Saída,Abandono,Abandono |
| STH | 0 | 0 | |a Выход,Новая религия (мотив),Новая религия,Психологическая консультация,Реабилитация |
| STI | 0 | 0 | |a Έξοδος,Εγκατάλειψη,Παραίτηση,Αποχώρηση,Αποκατάσταση,Νέα θρησκεία (μοτίβο),Νέα θρησκεία,Ψυχολογική συμβουλευτική |
| SUB | |a REL | ||
| SYG | 0 | 0 | |a Neureligion,Neureligiöse Bewegung,Neue religiöse Bewegung,Neue Glaubensgemeinschaft , Opferdarstellung,Leidtragender,Opfergabe,Opferung , Rehabilitierung , Neureligion,Neureligiöse Bewegung,Neue religiöse Bewegung,Neue Glaubensgemeinschaft |



